000 01098nam a2200253 4500
999 _c85485
_d322762
001
003 OSt
005 20230101093207.0
008 121106s2012____jo f 000 0 ara0c
020 _a9789957326500
040 _aMA-UN
_b
_cMA-UN
082 0 4 _221
_a349.6
_bن ا م
100 1 _aالنوايسة، أحمد محمد فارس
_9115616
245 1 0 _aمبدأ عدم رجعية القرارات الإدارية :
_bدراسة مقارنة فرنسا-مصر-الأردن /
_cأحمد محمد فارس النوايسة.
250 _aط. 1.
260 _aعمان، الأردن :
_bدار الحامد للنشر والتوزيع،
_c2012
_m1433.
300 _a171 ص. ؛
_c24 سم.
504 _aيشتمل على قائمة ببليوجرافية.
650 7 _aالقرارات الإدارية
_xقوانين وتشريعات
_zالأردن
_9115619
650 7 _aالقرارات الإدارية
_xقوانين وتشريعات
_zمصر
_9115620
650 7 _aالقرارات الإدارية
_xقوانين وتشريعات
_zفرنسا
_960828
942 _2ddc
_cBOOK
535 2 _a4